Дневник (Запись № 12201846)
[ простой вид ]
| 000 -МАРКЕР | |
|---|---|
| контрольное поле | 01475nam1a2200325 i 4500 |
| 001 - ИДЕНТИФИКАТОР ЗАПИСИ | |
| контрольное поле | RU\NLR\BIBL_A\011542302 |
| 005 - ИДЕНТИФИКАТОР ВЕРСИИ | |
| контрольное поле | 20260405162406.0 |
| 010 ## - МЕЖДУНАРОДНЫЙ СТАНДАРТНЫЙ НОМЕР КНИГИ (ISBN) | |
| Номер (ISBN) | 9785442412549 |
| 035 ## - ДРУГИЕ СИСТЕМНЫЕ НОМЕРА | |
| Идентификатор записи | (NLR Aleph) 011542302 |
| 100 ## - ДАННЫЕ ОБЩЕЙ ОБРАБОТКИ | |
| Данные общей обработки | 20171129d2017 u y0rusy50 ca |
| 101 1# - ЯЗЫК РЕСУРСА | |
| Язык текста, звукозаписи и т.д. | русский |
| Язык оригинала | французский |
| 102 ## - СТРАНА ПУБЛИКАЦИИ ИЛИ ПРОИЗВОДСТВА | |
| Страна публикации | Российская Федерация |
| 105 ## - ПОЛЕ КОДИРОВАННЫХ ДАННЫХ: ТЕКСТОВЫЕ МАТЕРИАЛЫ, МОНОГРАФИЧЕСКИЕ | |
| Кодированные данные о монографическом текстовом документе | ||||z|||||||| |
| 200 1# - ЗАГЛАВИЕ И СВЕДЕНИЯ ОБ ОТВЕТСТВЕННОСТИ | |
| Основное заглавие | Дневник |
| Сведения, относящиеся к заглавию | записки литературной жизни |
| -- | [в трех томах] |
| Первые сведения об ответственности | Эдмон де Гонкур, Жюль де Гонкур |
| Последующие сведения об ответственности | [пер. с фр. Д. Эпштейнайте и др.] |
| 210 ## - ПУБЛИКАЦИЯ, РАСПРОСТРАНЕНИЕ И ДР. | |
| Место издания, распространения и т.д. | Москва |
| Имя издателя, распространителя и т. д. | Терра |
| -- | Книжный Клуб Книговек |
| Дата издания, распространения и т.д. | 2017 |
| 215 ## - ФИЗИЧЕСКАЯ ХАРАКТЕРИСТИКА | |
| Размеры | 20 |
| 225 1# - СЕРИЯ | |
| Основное заглавие серии | Библиотека зарубежной классики |
| 225 1# - СЕРИЯ | |
| Основное заглавие серии | Библиотека "Огонек" |
| 600 #1 - ИМЯ ЛИЦА КАК ПРЕДМЕТ | |
| Начальный элемент ввода | Гонкур |
| Часть имени, кроме начального элемента ввода | Ж. |
| Даты | 1830 - 1870 |
| Расширение инициалов личного имени | Жюль |
| Формальный подзаголовок | Дневники |
| Системный номер авторитетной/нормативной записи | 1449295 |
| Идентификатор авторитетной/нормативной записи | RU\NLR\AUTH\66303884 |
| 600 #1 - ИМЯ ЛИЦА КАК ПРЕДМЕТ | |
| Начальный элемент ввода | Гонкур |
| Часть имени, кроме начального элемента ввода | Э. |
| Даты | 1822 - 1896 |
| Расширение инициалов личного имени | Эдмон |
| Формальный подзаголовок | Дневники |
| Системный номер авторитетной/нормативной записи | 1449321 |
| Идентификатор авторитетной/нормативной записи | RU\NLR\AUTH\66303894 |
| 686 1# - ИНДЕКСЫ ДРУГИХ КЛАССИФИКАЦИЙ | |
| Индекс | Ш5(4Фр)52-4Гонкур Э.12 |
| 686 1# - ИНДЕКСЫ ДРУГИХ КЛАССИФИКАЦИЙ | |
| Индекс | Ш5(4Фр)52-4Гонкур Ж.12 |
| 700 #1 - ИМЯ ЛИЦА - ПЕРВИЧНАЯ ОТВЕТСТВЕННОСТЬ | |
| Графика поля | Кириллица |
| Материалы, к которым относится поле | rus |
| Начальный элемент ввода | Гонкур |
| Часть имени, кроме начального элемента ввода | Э. де |
| Даты | 1822-1896 |
| Расширение инициалов личного имени | Эдмон де |
| Системный номер авторитетной/нормативной записи | 51618 |
| Идентификатор авторитетной/нормативной записи | RU\NLR\AUTH\7768690 |
| 701 #1 - ИМЯ ЛИЦА - АЛЬТЕРНАТИВНАЯ ОТВЕТСТВЕННОСТЬ | |
| Графика поля | Кириллица |
| Материалы, к которым относится поле | rus |
| Начальный элемент ввода | Гонкур |
| Часть имени, кроме начального элемента ввода | Ж. де |
| Даты | 1830-1870 |
| Расширение инициалов личного имени | Жюль де |
| Системный номер авторитетной/нормативной записи | 51619 |
| Идентификатор авторитетной/нормативной записи | RU\NLR\AUTH\7768691 |
| 852 ## - МЕСТОНАХОЖДЕНИЕ И ШИФР ХРАНЕНИЯ | |
| Идентификатор организации | NLR |
| Шифр хранения (Call Number) | 2017-3/32842 |
| 942 ## - ДОПОЛНИТЕЛЬНЫЕ ЭЛЕМЕНТЫ ЗАПИСИ (АБИС) | |
| Тип экземпляра АБИС | Книга |
Нет доступных экземпляров.